000 009500000a22002530004500
090 _aAR
_b03096
245 1 0 _aSampling method assessment and quantification of temporal shifts in densities of grasshopper species (<Orthoptera: Acrididae>) between winter wheat, Triticum aestivum, and adjacent rangeland
650 1 4 _aInsectos
_992622
650 1 4 _aEntomologĂ­a
_94483
650 1 4 _aMetodos de muestreo
_993496
650 1 4 _aDensidad poblacional
_97576
650 1 4 _aHabitat animal
_993094
650 1 4 _aLangostas
_996609
651 4 _dMontana
_pEstados Unidos
_992749
653 _gTriticum
_eTriticum aestivum
653 _gMelanoplus
_eMelanoplus sanguinipes
653 _aMelanopus
_eMelanopus bivittatus
653 _gMelanopus
_eMelanopus packardii
041 0 _aInglés
700 1 _aKem, William P.
_996697
100 1 _aGillespie, Robert L.
_996698
942 _cARTICULO
773 1 _tEnvironmental Entomology
_31386
_h3
_q559-569
_d1996
_g25
999 _c12151
_d12151